Five Biggest Cities by Letters Not Contained - Statistics

General Stats
  • This quiz has been taken 84 times
  • The average score is 18 of 31
Answer Stats
Answer % Correct
Tokyo
96%
London
94%
New York City
88%
Paris
87%
Beijing
83%
Sao Paulo
81%
Moscow
80%
Los Angeles
78%
Jakarta
75%
Mexico City
75%
Seoul
75%
Delhi
74%
Mumbai
70%
Guangzhou
64%
Lagos
64%
Osaka
64%
Chicago
59%
Manila
59%
Tehran
58%
Karachi
57%
Dhaka
54%
Ho Chi Minh City
39%
Baghdad
38%
Xian
36%
Tianjin
35%
Boston
33%
Hyderabad
29%
Ahmedabad
26%
Xiamen
26%
Shenyang
16%
Nanjing
9%
No matching quizzes found
Score Distribution
Percent of People with Each Score
Percentile by Number Answered
Your Score History
You have not taken this quiz